<?xml version="1.0" encoding="UTF-8"?>
<record
    xmlns:xsi="http://www.w3.org/2001/XMLSchema-instance"
    xsi:schemaLocation="http://www.loc.gov/MARC21/slim http://www.loc.gov/standards/marcxml/schema/MARC21slim.xsd"
    xmlns="http://www.loc.gov/MARC21/slim">

  <leader>02312cam a22003257i 4500</leader>
  <controlfield tag="003">OSt</controlfield>
  <controlfield tag="005">20240530110424.0</controlfield>
  <controlfield tag="008">130510t20122012ua ab  f b    000 0 eng d</controlfield>
  <datafield tag="020" ind1=" " ind2=" ">
    <subfield code="a">9789774165818</subfield>
  </datafield>
  <datafield tag="020" ind1=" " ind2=" ">
    <subfield code="a">9774165810</subfield>
  </datafield>
  <datafield tag="035" ind1=" " ind2=" ">
    <subfield code="a">(OCoLC)ocn815379223</subfield>
  </datafield>
  <datafield tag="040" ind1=" " ind2=" ">
    <subfield code="a">EG-CaGPL</subfield>
    <subfield code="c">EG-CaGPL</subfield>
  </datafield>
  <datafield tag="042" ind1=" " ind2=" ">
    <subfield code="a">lccopycat</subfield>
  </datafield>
  <datafield tag="043" ind1=" " ind2=" ">
    <subfield code="a">f-ua---</subfield>
  </datafield>
  <datafield tag="082" ind1="0" ind2="4">
    <subfield code="2">21</subfield>
    <subfield code="a">962.05</subfield>
    <subfield code="b">CC/E A</subfield>
  </datafield>
  <datafield tag="100" ind1="1" ind2=" ">
    <subfield code="a">Edwards, Jill</subfield>
  </datafield>
  <datafield tag="245" ind1="0" ind2="3">
    <subfield code="a">El Alamein and the struggle for North Africa :</subfield>
    <subfield code="b">international perspectives from the twenty-first century /</subfield>
    <subfield code="c">edited by Jill Edwards.</subfield>
  </datafield>
  <datafield tag="264" ind1=" " ind2="1">
    <subfield code="a">Cairo :</subfield>
    <subfield code="b">The American University in Cairo Press,</subfield>
    <subfield code="c">[2012]</subfield>
  </datafield>
  <datafield tag="264" ind1=" " ind2="4">
    <subfield code="c">&#xA9;2012.</subfield>
  </datafield>
  <datafield tag="300" ind1=" " ind2=" ">
    <subfield code="a">xxi, 239 pages :</subfield>
    <subfield code="b">illustrations, maps ;</subfield>
    <subfield code="c">23 cm</subfield>
  </datafield>
  <datafield tag="336" ind1=" " ind2=" ">
    <subfield code="a">text</subfield>
    <subfield code="2">rdacontent</subfield>
  </datafield>
  <datafield tag="337" ind1=" " ind2=" ">
    <subfield code="a">unmediated</subfield>
    <subfield code="2">rdamedia</subfield>
  </datafield>
  <datafield tag="338" ind1=" " ind2=" ">
    <subfield code="a">volume</subfield>
    <subfield code="2">rdacarrier</subfield>
  </datafield>
  <datafield tag="504" ind1=" " ind2=" ">
    <subfield code="a">Includes bibliographical references.</subfield>
  </datafield>
  <datafield tag="505" ind1="0" ind2="0">
    <subfield code="t">Foreword /</subfield>
    <subfield code="r">William Roger Louis --</subfield>
    <subfield code="t">Introduction /</subfield>
    <subfield code="r">Jill Edwards --</subfield>
    <subfield code="g">1.</subfield>
    <subfield code="t">The war in North Africa, 1940-43: an overview of the role of the Union of South Africa /</subfield>
    <subfield code="r">James Jacobs --</subfield>
    <subfield code="g">2.</subfield>
    <subfield code="t">Training the troops: the Indian army in Egypt, Eritrea, and Libya, 1940-1942 /</subfield>
    <subfield code="r">Alan Jeffreys --</subfield>
    <subfield code="g">3.</subfield>
    <subfield code="t">"The part we played in this show": Australians and El Alamein /</subfield>
    <subfield code="r">Peter Stanley --</subfield>
    <subfield code="g">4.</subfield>
    <subfield code="t">"No model campaign": the Second New Zealand Division and the battle of El Alamein, October-December 1942 /</subfield>
    <subfield code="r">Glyn Harper --</subfield>
    <subfield code="g">5.</subfield>
    <subfield code="t">The Free French in the battle for North Africa, 1942: military action and its political presentation /</subfield>
    <subfield code="r">R&#xE9;my Porte --</subfield>
    <subfield code="g">6.</subfield>
    <subfield code="t">Between history and geography: the El Alamein Project: research, findings, and results /</subfield>
    <subfield code="r">Aldino Bondesan --</subfield>
    <subfield code="g">7.</subfield>
    <subfield code="t">Silent service: the Royal Navy and the desert victory /</subfield>
    <subfield code="r">Nick Hewitt --</subfield>
    <subfield code="g">8.</subfield>
    <subfield code="t">Feeding the fortress: Malta, summer 1942 /</subfield>
    <subfield code="r">Thomas Scheben --</subfield>
    <subfield code="g">9.</subfield>
    <subfield code="t">"The highest rule": Rommel as military genius /</subfield>
    <subfield code="r">Antulio J. Echevarria II --</subfield>
    <subfield code="g">10.</subfield>
    <subfield code="t">High command in the desert /</subfield>
    <subfield code="r">Niall Barr --</subfield>
    <subfield code="g">11.</subfield>
    <subfield code="t">Alexandrians tell their story: oral narratives of the war in North Africa, 1940-43 /</subfield>
    <subfield code="r">Mohamed Awad and Sahar Hamouda --</subfield>
    <subfield code="g">12.</subfield>
    <subfield code="t">The battle of El Alamein: impressions of a young schoolboy in Alexandria /</subfield>
    <subfield code="r">Harry Tzalas -- "Here dead lie we" /</subfield>
    <subfield code="r">A.E. Housman.</subfield>
  </datafield>
  <datafield tag="650" ind1=" " ind2="0">
    <subfield code="a">El Alamein, Battle of, Egypt, 1942.</subfield>
  </datafield>
  <datafield tag="650" ind1=" " ind2="0">
    <subfield code="a">World War, 1939-1945</subfield>
    <subfield code="z">Egypt.</subfield>
  </datafield>
  <datafield tag="700" ind1="1" ind2=" ">
    <subfield code="a">Edwards, Jill</subfield>
    <subfield code="q">(Jill Mary)</subfield>
  </datafield>
  <datafield tag="942" ind1=" " ind2=" ">
    <subfield code="2">ddc</subfield>
    <subfield code="c">BK</subfield>
  </datafield>
  <datafield tag="999" ind1=" " ind2=" ">
    <subfield code="c">60718</subfield>
    <subfield code="d">60718</subfield>
  </datafield>
  <datafield tag="952" ind1=" " ind2=" ">
    <subfield code="0">0</subfield>
    <subfield code="1">0</subfield>
    <subfield code="2">ddc</subfield>
    <subfield code="4">0</subfield>
    <subfield code="7">0</subfield>
    <subfield code="a">CAI</subfield>
    <subfield code="b">CAI</subfield>
    <subfield code="d">2015-03-22</subfield>
    <subfield code="l">0</subfield>
    <subfield code="o">962.05 CC/E A</subfield>
    <subfield code="p">159825</subfield>
    <subfield code="r">2015-03-22 00:00:00</subfield>
    <subfield code="w">2015-03-22</subfield>
    <subfield code="y">BK</subfield>
  </datafield>
</record>
